00500nam a2200157 i 4500001000300000100002400003245006600027260002100093040000800114041000800122942000700130008004100137999001700178856009800195952004900293bg1 aROMANIUK, Kazimierz 0aIndeksy dynamiki zjawisk ekonomicznych /cKazimierz Romaniuk. aWarszawa,c1976. cBPK apol cKS s pl f |000 0 pol  c27463d27463 uhttp://koha.tu.koszalin.pl/cgi-bin/koha/opac-detail.pl?biblionumber=27463yKatalog online BPK 00104070aBPKbBPKcwo21208p01560688yKS